| 000 | 00578nam a2200193Ia 4500 | ||
|---|---|---|---|
| 005 | 20260114185715.0 | ||
| 008 | 008 260114s9999 xx 000 0 eng d | ||
| 020 | _a9780755626144 | ||
| 037 | _aEBOOK | ||
| 040 |
_aCRL _beng _cCRL |
||
| 041 |
_aeng _2eng |
||
| 084 | _qCRL | ||
| 100 |
_aShaharyar M. Khan _9873397 |
||
| 245 | 4 | _aThe Begums of Bhopal A Dynasty of Women Rulers in Raj India | |
| 260 |
_bBloomsbury _c2000 |
||
| 856 | _uhttps://doi.org/10.5040/9780755626144?locatt=label:secondary_bloomsburyCollections | ||
| 942 | _cEBOOK | ||
| 999 |
_c1472345 _d1472345 |
||